| 000 | 00724nam a2200157 a 4500 | ||
|---|---|---|---|
| 008 | 090211s1994 ||||||||||||||||| || u | ||
| 050 | _aGOV.ZAM(02)1994/2 | ||
| 110 | _aGovernment of the Republic of Zambia. Central Statistical Office | ||
| 245 | 1 | 0 |
_aNational census of agriculture 1990/92: census report, part I _cBy Central Statistical Office |
| 260 |
_aLusaka: _bCentral Statistical Office (CSO)-Zambia _c1994 |
||
| 300 | _aix, 168p.: ill. | ||
| 350 | _a0.00 | ||
| 650 | _aAGRICULTURE AND STATE--ZAMBIA--STATISTICS | ||
| 650 | 0 | _aCENSUS OF POPULATION--ZAMBIA | |
| 995 |
_D0.00 _FCBU-MAIN LIBRARY (Kitwe) _H1 _I0.00 _M1 _UAVAILABLE _WFeb 11, 2009 _ZZambiana Collection |
||
| 999 |
_c51917 _d51917 |
||